| 000 | 01210nam a2200361 a 4500 | ||
|---|---|---|---|
| 001 | 000114241 | ||
| 003 | CHAP | ||
| 005 | 20220329144432.0 | ||
| 008 | 171128s2016 mx a |r| |||1|||spa d | ||
| 010 | _a110702 | ||
| 011 | _a111674 | ||
| 020 | _a9786071204196 | ||
| 040 | _cCHAP | ||
| 082 | 0 | 4 |
_a334.6097291 _bF63 |
| 100 | 0 | 0 |
_aFlores Valdéz, Claudio A. _941773 |
| 245 | 1 | 0 |
_aExperiencias en Cuba : _blas cooperativas y la producción agrícola / _cpor Claudio A. Flores Valdéz. |
| 260 |
_aMéxico : _bUACH., _c2016. |
||
| 300 |
_a235 p. : _bil., cuadros. |
||
| 500 | _aincluye índice de fotos e índice de cuadros | ||
| 590 |
_aBATCH-UPD _b05 _c20171129 _lUCH01 _h1009 |
||
| 590 |
_aE11695DGD _b10 _c20171129 _lUCH01 _h1413 |
||
| 590 |
_aE11695DGD _b10 _c20171129 _lUCH01 _h1413 |
||
| 590 |
_aE11695DGD _b10 _c20171129 _lUCH01 _h1413 |
||
| 590 |
_aE8697GMM _b05 _c20171128 _lUCH01 _h1459 |
||
| 590 |
_aE8697GMM _b05 _c20171129 _lUCH01 _h1008 |
||
| 650 | 1 | 4 |
_aCooperativa de productores _zCuba. _9134174 |
| 650 | 1 | 4 |
_aCooperativas _xLegislación _zCuba. _9134173 |
| 650 | 1 | 4 |
_aCooperativismo _zCuba. _9134172 |
| 650 | 1 | 4 |
_aCuba _xCondiciones económicas. _929947 |
| 901 | _aBK | ||
| 942 | _cLIBRO | ||
| 942 | _n0 | ||
| 999 |
_c110702 _d110702 |
||